[Event "Banicky Kahanec"]
[Site "Prievidza"]
[Date "1997.09.11"]
[Round "4"]
[White "Hanko, Pavel"]
[Black "Helbich, Jan Jr"]
[Result "1-0"]
[WhiteElo "2175"]
[BlackElo "2195"]

1.d4 Nf6 2.Nf3 g6 3.c4 Bg7 4.Nc3 O-O 5.e4 d6 6.Be2 e5 7.Be3 Nbd7 8.O-O Ne8
9.Qc2 c6 10.Rad1 Qe7 11.dxe5 Nxe5 12.Nxe5 dxe5 13.Na4 b6 14.Qd2 c5 15.a3 Nc7
16.b4 cxb4 17.axb4 Ne6 18.Qd6 Qxd6 19.Rxd6 Bb7 20.f3 Rfc8 21.b5 Rc7 22.Nc3 Bf8
23.Rdd1 Bc5 24.Bxc5 Nxc5 25.Rd6 Ne6 26.Rfd1 Nd4 27.Bf1 Kg7 28.Ne2 Nc2 29.Rd7 Rac8
30.Kf2 Kf8 31.R1d2 Nb4 32.Rxc7 Rxc7 33.Nc3 a6 34.Rb2 a5 35.Na4 Bc8 36.Nxb6 Be6
37.Nd5 Bxd5 38.cxd5 Ke7 39.Ke3 Kd6 40.Kd2 Kc5 41.Rb3 Kd4 42.b6 Rb7 43.Rc3  1-0

[Event "Banicky Kahanec"]
[Site "Prievidza"]
[Date "1997.09.14"]
[Round "8"]
[White "Hanko, Pavel"]
[Black "Manik, Mikulas"]
[Result "0-1"]
[WhiteElo "2175"]
[BlackElo "2465"]

1.d4 Nf6 2.Nf3 d6 3.c4 g6 4.Nc3 Bg7 5.e4 O-O 6.Be2 e5 7.O-O exd4 8.Nxd4 Re8
9.f3 Nc6 10.Be3 Nh5 11.Qd2 Nf4 12.Rad1 Bxd4 13.Bxd4 Nxd4 14.Qxf4 c5 15.Rd2 Be6
16.b3 a6 17.Qg3 b5 18.f4 b4 19.Nd1 Bf5 20.e5 Qe7 21.Bf3 Nxf3+ 22.Qxf3 dxe5
23.Ne3 Be6 24.fxe5 Qg5 25.Qf4 Qxf4 26.Rxf4 Kg7 27.Rf1 a5 28.Nd5 Red8 29.Rff2 Bf5
30.Nb6 Rxd2 31.Rxd2 Re8 32.Re2 Rd8 33.Na4 Bg4 34.Rb2 Rc8 35.Rd2 Be6 36.Kf2 f6
37.Rd6 Kf7 38.exf6 Kxf6 39.Ra6 Ke5 40.Ke3 Bf5 41.Rxa5 Kd6 42.Ra6+ Rc6 43.Ra7 Bb1
44.Nb2 Rc7 45.Rxc7 Kxc7 46.Nd3 Kd6 47.Kd2 Kc6 48.g3 Kd6 49.Nb2 Ke5 50.Na4 Kd4
51.Kc1 Be4 52.Kb2 Bc6 53.Nb6 Ke3 54.Kc2 Kf2 55.Kd2 Kg2 56.Ke3 Kxh2 57.Kf2 h5
58.Na4 g5 59.Nxc5 g4 60.Nd3 h4 61.Ne5 hxg3+  0-1

[Event "EU-ch U20 Girls"]
[Site "Tallinn"]
[Date "1997.09.15"]
[Round "6"]
[White "Lomineishvili, Maia"]
[Black "Radziewicz, Iweta"]
[Result "1/2-1/2"]
[WhiteElo "2350"]
[BlackElo "2220"]

1.d4 Nf6 2.c4 g6 3.Nc3 Bg7 4.e4 d6 5.Be2 O-O 6.Nf3 e5 7.Be3 Ng4 8.Bg5 f6
9.Bh4 Nc6 10.d5 Ne7 11.Nd2 h5 12.h3 Nh6 13.g4 g5 14.Bg3 h4 15.Bh2 Ng6 16.f3 c5
17.a3 Rf7 18.Rb1 Bf8 19.b4 Nf4 20.Bg1 b6 21.Bf2 Rc7 22.Bf1 Bd7 23.Be3 Nf7
24.Rh2 Qc8 25.bxc5 Rxc5 26.Bxc5 Qxc5 27.Qc2 Qg1 28.Rf2 Nxh3 29.Rg2 Qc5 30.Nd1 Nf4
31.Rf2 Qxa3 32.Qb3 Qc5 33.Qb4 Qc8 34.Ne3 Nd8 35.Ng2 Ng6 36.Nb3 Be7 37.Ne3 a5
38.Qd2 Nb7 39.Nc1 Bd8 40.Nf5 Nf4 41.Ne2 Nxe2 42.Bxe2 Bxf5 43.gxf5 a4 44.Kf1 Na5
45.Qb4 Nb3 46.Bd1 Nd4 47.Bxa4 Ra7 48.Kg2 Rg7 49.Bd1 Bc7 50.Ra1 Qe8 51.Kh2 Kh7
52.Rg2 b5 53.cxb5 Qb8 54.Ra6 Bb6 55.Qc4 Rc7 56.Qd3 Rc1 57.Qd2 Rc5 58.f4 Rc2
59.Qxc2 Nxc2 60.Rxc2 gxf4 61.Rc6 Bc5 62.b6 Kh6 63.Bf3  1/2-1/2

[Event "EU-ch U20 Girls"]
[Site "Tallinn"]
[Date "1997.09.16"]
[Round "7"]
[White "Bobrowska, Monika"]
[Black "Zielinska, Marta"]
[Result "1-0"]
[WhiteElo "2360"]
[BlackElo "2335"]

1.Nf3 Nf6 2.d4 g6 3.c4 Bg7 4.Nc3 d6 5.e4 O-O 6.Be2 e5 7.d5 a5 8.Bg5 h6 9.Bh4 Na6
10.Nd2 Qe8 11.a3 Bd7 12.b3 Nh7 13.O-O h5 14.f3 Bh6 15.Rb1 Be3+ 16.Bf2 Bxf2+
17.Rxf2 Qe7 18.b4 axb4 19.axb4 h4 20.Nf1 Nf6 21.g4 Nh7 22.Ne3 Ng5 23.Qf1 f5
24.gxf5 gxf5 25.Nxf5 Bxf5 26.exf5 Rxf5 27.Bd3 Rf7 28.Ne4 Kh8 29.Kh1 Rg8 30.Nxg5 Rxg5
31.Qh3 Rfg7 32.Bf5 Qf7 33.Be6 Qf4 34.Re2 Qd4 35.Bg4 Qd3 36.Qxh4+ Kg8 37.Rbe1 Nxb4
38.Rg2 Kf8 39.Reg1 Qd4 40.f4  1-0

[Event "Terres Catalanes 15th"]
[Site "Ampuriabrava"]
[Date "1997.09.18"]
[Round "1"]
[White "Cifuentes Parada, Roberto"]
[Black "Sion Castro, Marcelino"]
[Result "1-0"]
[WhiteElo "2555"]
[BlackElo "2435"]

1.d4 Nf6 2.c4 g6 3.Nc3 Bg7 4.e4 d6 5.Be2 O-O 6.Nf3 e5 7.O-O Na6 8.Be3 c6
9.dxe5 dxe5 10.Qxd8 Rxd8 11.Rfd1 Re8 12.h3 Bf8 13.Nd2 Nc5 14.b4 Ne6 15.c5 Nd4
16.Bd3 b6 17.Nb3 Nxb3 18.axb3 Be6 19.Bc4 Bxc4 20.bxc4 bxc5 21.b5 cxb5 22.cxb5 Reb8
23.Ra6 Rb6 24.Rda1 Rc8 25.Rxa7 Rbb8 26.Rb1 c4 27.b6 Rc6 28.Rc7 Rxc7 29.bxc7 Rc8
30.Rb8 Rxc7 31.Nd5 Nd7 32.Rd8  1-0

[Event "EU-ch U20 Girls"]
[Site "Tallinn"]
[Date "1997.09.18"]
[Round "9"]
[White "Zielinska, Marta"]
[Black "Cmilyte, Viktorija"]
[Result "1/2-1/2"]
[WhiteElo "2335"]
[BlackElo "2220"]

1.d4 Nf6 2.Nf3 g6 3.c4 Bg7 4.Nc3 d6 5.e4 O-O 6.Be2 e5 7.O-O Nh5 8.dxe5 dxe5
9.Qxd8 Rxd8 10.g3 c6 11.Be3 Nf6 12.Rfd1 Re8 13.Kg2 Nbd7 14.Ne1 h5 15.f3 Nf8
16.Nc2 Kh7 17.h4 Be6 18.a3 N8d7 19.Na4 Bf8 20.b4 Rec8 21.Nb2 b6 22.Ne1 Rc7
23.Bd2 Ne8 24.Nc2 a5 25.Kf2 Rca7 26.Bc3 f6 27.Bf1 Kg8 28.Rab1 Nd6 29.Be2 Be7
30.Rd2 Rf8 31.Rbd1 Ne8 32.Kg2 Ng7 33.Bf1 Rd8 34.Re1 Nf8 35.Rxd8 Bxd8 36.Rb1 axb4
37.axb4 Bf7 38.Ra1 Rxa1 39.Nxa1 Nge6 40.Nc2 Nd7 41.Kf2 Kf8 42.Bh3  1/2-1/2

[Event "RUS-ch (Women)"]
[Site "Elista"]
[Date "1997.09.23"]
[Round "5"]
[White "Kozlovskaya, Valentina"]
[Black "Kovalevskaya, Ekaterina"]
[Result "1/2-1/2"]
[WhiteElo "2195"]
[BlackElo "2350"]

1.d4 Nf6 2.c4 d6 3.Nc3 Nbd7 4.e4 e5 5.Nf3 g6 6.Be2 Bg7 7.O-O O-O 8.Qc2 c6
9.d5 c5 10.Ne1 a6 11.a3 Kh8 12.b4 Ng8 13.Nd3 b6 14.bxc5 bxc5 15.Rb1 f5 16.exf5 gxf5
17.f4 e4 18.Nf2 Nh6 19.Ncd1 Rg8 20.Rb3 Bd4 21.Kh1 Nf8 22.Nh3 Nf7 23.Bh5 Ng6
24.Rg3 Rb8 25.Nc3 Qb6 26.Ne2 Bf6 27.Qa4 Qd8 28.Bd2 Rb2 29.Qd1 Bd7 30.Qc1 Qe7
31.Bc3 Rb7 32.Qa1 Kg7 33.Ng5 Nxg5 34.Rxg5 Rb3 35.Rg3 Rgb8 36.h3 Kf7  1/2-1/2

[Event "COOP XXIII"]
[Site "Buenos Aires"]
[Date "1997.09.27"]
[Round "3"]
[White "Fuentes, Alberto"]
[Black "Conlazo Zavalia, Eusebio"]
[Result "1-0"]
[WhiteElo "2185"]
[BlackElo "2070"]

1.d4 d6 2.c4 g6 3.Nc3 Bg7 4.e4 Nf6 5.Nf3 O-O 6.Be2 e5 7.d5 Nbd7 8.Be3 Ng4
9.Bg5 f6 10.Bh4 Nh6 11.Nd2 c5 12.dxc6 bxc6 13.O-O Nc5 14.b4 Ne6 15.Nb3 Qe7
16.a3 g5 17.Bg3 f5 18.f3 Nf4 19.c5 d5 20.exd5 Nxd5 21.Bc4 Be6 22.Nxd5 cxd5
23.Bxd5 Rad8 24.Bxe6+ Qxe6 25.Qc2 f4 26.Bf2 e4 27.fxe4 Bxa1 28.Rxa1 Ng4 29.Bd4 Ne3
30.Qd3 Rfe8 31.Rc1 Qg4 32.Qd2 Rxe4 33.c6 Rexd4 34.Nxd4 Rxd4 35.h3 Rxd2 36.hxg4 Rd8
37.Rc5 h6 38.Ra5 Rc8 39.b5 Rc7 40.Rxa7 Rxa7 41.b6 Rxa3 42.c7 Ra1+ 43.Kf2 Nxg4+
44.Ke2 Rc1 45.b7 Rc2+ 46.Ke1  1-0

[Event "ESP-ch"]
[Site "Torrevieja"]
[Date "1997.09.29"]
[Round "1"]
[White "Brito, Alfredo"]
[Black "Martinez Martin, David"]
[Result "1-0"]
[WhiteElo "2405"]
[BlackElo "2180"]

1.Nf3 Nf6 2.d4 g6 3.c4 Bg7 4.Nc3 O-O 5.e4 d6 6.Be2 e5 7.O-O Nh5 8.Re1 Nf4
9.Bf1 Bg4 10.d5 f5 11.h3 Bh5 12.exf5 gxf5 13.Bxf4 exf4 14.Be2 Bxf3 15.Bxf3 Nd7
16.Qd2 Ne5 17.Be2 Qh4 18.f3 Rf6 19.Bf1 Rg6 20.Kh1 Kh8 21.Nb5 Rg8 22.Nd4 Bf6
23.Rac1 c5 24.dxc6 bxc6 25.Rc3 Rg5 26.Rd1 Rh5 27.Qe1 Qxe1 28.Rxe1 c5 29.Nb5 Nc6
30.Rd3 Nd4 31.Nxd6 Nc2 32.Re6 Bd4 33.Re2 Ne3 34.Rf2 Nd1 35.Re2 Ne3 36.Re1 Nc2
37.Rc1 Ne3 38.b3 Rg3  1-0

[Event "AUT-chT2S 9798"]
[Site "Austria"]
[Date "1997.10.04"]
[Round "1"]
[White "Plesec, Damjan"]
[Black "Manhardt, Thomas"]
[Result "1-0"]
[WhiteElo "2335"]
[BlackElo "2175"]

1.Nf3 Nf6 2.c4 g6 3.Nc3 Bg7 4.d4 O-O 5.e4 d6 6.Be2 e5 7.dxe5 dxe5 8.Qxd8 Rxd8
9.Bg5 Re8 10.Nd5 Nxd5 11.cxd5 c6 12.Bc4 cxd5 13.Bxd5 Na6 14.O-O-O Nb4 15.Bb3 Be6
16.Bxe6 Rxe6 17.Kb1 Rc8 18.Rd7 f5 19.Rxb7 Nd3 20.Be3 Rec6 21.a3 Rc2 22.Rd1 Nxf2
23.Rdd7 Bf6 24.exf5 gxf5 25.Bg5 Bh8 26.Nh4 Ne4 27.Nxf5 Nxg5 28.h4 Ne6 29.Nh6+ Kf8
30.Rf7+ Ke8 31.Rbe7+ Kd8 32.Rd7+ Ke8 33.Rfe7+ Kf8 34.Rxe6 Rf2 35.Ng4 Rxg2
36.Nxe5 Re8 37.Rf7+  1-0

[Event "Bayer op"]
[Site "Leverkusen"]
[Date "1997.10.04"]
[Round "5"]
[White "Heiling, Thomas"]
[Black "Eifler, Tim"]
[Result "1-0"]
[WhiteElo "2205"]
[BlackElo "2095"]

1.d4 Nf6 2.c4 g6 3.Nc3 Bg7 4.e4 d6 5.Nf3 O-O 6.Be2 e5 7.d5 Nbd7 8.Bg5 a5
9.Nd2 Nc5 10.O-O h6 11.Bh4 c6 12.Rb1 Qc7 13.b3 Nh7 14.a3 f5 15.f3 f4 16.b4 axb4
17.axb4 Nd7 18.Qb3 g5 19.Bf2 Kh8 20.c5 Nhf6 21.cxd6 Qxd6 22.Nc4 Qe7 23.Rfd1 Rg8
24.dxc6 bxc6 25.Nd6 Bf8 26.Bc4 Rg6 27.Nf5 Qh7 28.Bf7 g4 29.Bxg6 Qxg6 30.Nh4 Qh5
31.Qe6 Ra6 32.Qf5 Qe8 33.Qg6 Qe6 34.Nf5 Qc4 35.Nxh6 Bxh6 36.Qxh6+ Nh7 37.Rd6 Qxc3
38.Rg6  1-0

[Event "Bayer op"]
[Site "Leverkusen"]
[Date "1997.10.04"]
[Round "5"]
[White "Berresheim, Helmut"]
[Black "Puschendorf, Steffen"]
[Result "1/2-1/2"]
[WhiteElo "2225"]
[BlackElo "2135"]

1.d4 Nf6 2.c4 g6 3.Nc3 Bg7 4.e4 d6 5.Nf3 O-O 6.Be2 e5 7.O-O exd4 8.Nxd4 Re8
9.f3 Nh5 10.g4 Nf6 11.Bg5 c6 12.Kh1 Nbd7 13.Qd2 Qb6 14.Rad1 h5 15.h3 a5 16.Be3 Qd8
17.g5 Nh7 18.Nc2 a4 19.Rg1 Qe7 20.h4 a3 21.b3 Qe6 22.Rg2 Ne5 23.Rh2 f5 24.gxf6 Qxf6
25.Bd4 Qf7 26.Rf1 Nf6 27.Be3 Kh7 28.Qxd6 Bf8 29.Qd2 Be6 30.Qc1 Rec8 31.Nd4 Bd7
32.Bf4 Re8 33.Na4 Rad8 34.c5 Bc8 35.Nc2 Nd3 36.Bxd3 Rxd3 37.Ne1 Rd7 38.Nb6 Rdd8
39.Nxc8 Rxc8 40.Rff2 Nd7 41.b4 b6 42.Bd6 bxc5 43.bxc5 Ra8 44.Nd3 Qf6 45.e5 Qf5
46.Bxf8 Nxf8 47.Qe3  1/2-1/2

[Event "Bayer op"]
[Site "Leverkusen"]
[Date "1997.10.04"]
[Round "6"]
[White "Kipper, Jens"]
[Black "Mohaupt, Sascha"]
[Result "1-0"]
[WhiteElo "2195"]
[BlackElo "2195"]

1.d4 Nf6 2.c4 g6 3.Nc3 Bg7 4.e4 d6 5.Nf3 O-O 6.Be2 e5 7.O-O exd4 8.Nxd4 Re8
9.f3 Nc6 10.Be3 Nh5 11.Nxc6 bxc6 12.Qd2 Bb7 13.Rad1 c5 14.Rfe1 Nf6 15.Bg5 Qe7
16.Bf1 Qf8 17.Nb5 Qe7 18.Qf4 Nh5 19.Qh4 f6 20.Bc1 a6 21.Nc3 f5 22.Qxe7 Rxe7
23.exf5 Rxe1 24.Rxe1 gxf5 25.Bd3 Bc8 26.Nd5 c6 27.Nc7 Rb8 28.Re8+ Kf7 29.Bxf5 Bd4+
30.Kh1 Rb4 31.Bxc8 Ng7 32.Re1 Rxc4 33.Ne8 Rxc1 34.Nxd6+  1-0

[Event "Budapest FS10 IM-B"]
[Site "Budapest"]
[Date "1997.10.05"]
[Round "1"]
[White "Murzin, Lenar"]
[Black "Paschall, William M"]
[Result "1-0"]
[WhiteElo "2310"]
[BlackElo "2280"]

1.d4 Nf6 2.Nf3 g6 3.c4 Bg7 4.Nc3 O-O 5.e4 d6 6.Be2 Na6 7.O-O e5 8.Be3 Ng4
9.Bg5 Qe8 10.h3 h6 11.Bc1 Nf6 12.dxe5 dxe5 13.Be3 Nh5 14.Qd2 Kh7 15.c5 f5
16.Bxa6 bxa6 17.Qc2 fxe4 18.Nd2 Nf4 19.Ndxe4 Ne6 20.Rfe1 Qc6 21.Rad1 Nd4
22.Bxd4 exd4 23.Ne2 Qd5 24.b3 Bb7 25.f3 Rad8 26.Nc1 Bc6 27.Nd3 a5 28.Qd2 a4
29.Nf4 Qf5 30.Ne6 Be5 31.Nxd8 Rxd8 32.Nf2 Rd7 33.Rxe5  1-0

[Event "Budapest FS10 IM-B"]
[Site "Budapest"]
[Date "1997.10.10"]
[Round "6"]
[White "Murzin, Lenar"]
[Black "Kahn, Evarth"]
[Result "1-0"]
[WhiteElo "2310"]
[BlackElo "2270"]

1.d4 Nf6 2.c4 g6 3.Nc3 Bg7 4.e4 O-O 5.Nf3 d6 6.Be2 e5 7.dxe5 dxe5 8.Qxd8 Rxd8
9.Nd5 Nxd5 10.cxd5 c6 11.Bc4 cxd5 12.Bxd5 h6 13.Be3 Nc6 14.Ke2 Nb4 15.Bc4 Bd7
16.Rac1 b5 17.Bb3 a5 18.Bc5 a4 19.Bxf7+ Kxf7 20.Bxb4 Be6 21.Rc7+ Kg8 22.a3 Bc4+
23.Ke1 Rd3 24.Nd2 Rad8 25.Kd1 Bf8 26.Bc3 Bxa3 27.Kc2 Rxd2+ 28.Bxd2 Bb3+ 29.Kc1 Bxb2+
30.Kxb2 Rxd2+ 31.Ka3 Rxf2 32.Rhc1 Bc4 33.Rd1 Rf7 34.Rdd7 Rxd7 35.Rxd7 Kf8
36.g3 Ke8 37.Rb7 Bd3 38.Kb4 Kf8 39.h4 h5 40.Kc3 Bc4 41.Ra7 Bf1 42.Rb7 Bc4
43.Rc7 a3 44.Rc5 a2 45.Kb2 Kf7 46.Rxe5 Kf6 47.Rc5 Ke6 48.Rc6+ Kf7 49.e5 Bd5
50.Rf6+ Kg7 51.Rd6 Bc4 52.Rd7+ Kf8 53.Ra7 Ke8 54.Rg7 Bf7 55.e6 Bxe6 56.Rxg6 Bf7
57.Rg5 b4 58.g4 hxg4 59.h5 Kf8 60.h6 Bg8 61.Rxg4 b3 62.Rg7 Be6 63.Rg5 Bg8
64.Rb5 Bh7 65.Rxb3 Bb1 66.Rg3 Kf7 67.Rg7+ Kf8 68.Ka1  1-0

[Event "Nordic-ch VISA"]
[Site "Reykjavik"]
[Date "1997.10.10"]
[Round "3"]
[White "Tisdall, Jonathan D"]
[Black "Djurhuus, Rune"]
[Result "1-0"]
[WhiteElo "2480"]
[BlackElo "2525"]

1.d4 Nf6 2.c4 g6 3.Nc3 Bg7 4.e4 d6 5.Nf3 O-O 6.Be2 e5 7.Be3 c6 8.Qd2 exd4
9.Nxd4 Re8 10.f3 d5 11.exd5 cxd5 12.O-O Nc6 13.Rad1 dxc4 14.Nxc6 Qxd2 15.Bxd2 bxc6
16.Bxc4 Rb8 17.b3 Nd5 18.Nxd5 cxd5 19.Bxd5 Ba6 20.Rfe1 Be2 21.Rc1 Rbd8 22.Bc6 Rxd2
23.Bxe8 Bd4+ 24.Kh1 Bf2 25.a3 Kg7 26.Rg1 h5 27.Rc7 Kh6 28.Rgc1 Bd1 29.Bxf7 h4
30.Be6 Be3 31.Rb1 Bf4 32.Rd7 Bd6 33.Rxa7 Bxf3 34.gxf3 Rxh2+ 35.Kg1 h3 36.Bxh3 Rxh3
37.Rf7 Kg5 38.b4 Bf4 39.Rxf4 Kxf4 40.b5 Rh8 41.b6  1-0

[Event "Nordic-ch VISA"]
[Site "Reykjavik"]
[Date "1997.10.15"]
[Round "7"]
[White "Tisdall, Jonathan D"]
[Black "Hillarp Persson, Tiger"]
[Result "1/2-1/2"]
[WhiteElo "2480"]
[BlackElo "2445"]

1.d4 Nf6 2.Nf3 g6 3.c4 Bg7 4.Nc3 O-O 5.e4 d6 6.Be2 e5 7.Be3 Ng4 8.Bg5 f6
9.Bh4 Nc6 10.h3 Nh6 11.dxe5 dxe5 12.O-O Qe8 13.Nd5 Rf7 14.c5 Kh8 15.Qa4 Be6
16.Bb5 a6 17.Bxc6 bxc6 18.Ne3 Rf8 19.Bg3 Nf7 20.Nc4 Rb8 21.b3 Rb5 22.Qxa6 Bxc4
23.bxc4 Rxc5 24.Qa7 Rxc4 25.Qxc7 Rxe4  1/2-1/2

[Event "Budapest FS10 IM-B"]
[Site "Budapest"]
[Date "1997.10.17"]
[Round "13"]
[White "Paschall, William M"]
[Black "Dudas, Janos"]
[Result "1/2-1/2"]
[WhiteElo "2280"]
[BlackElo "2400"]

1.d4 Nf6 2.c4 g6 3.Nc3 Bg7 4.e4 d6 5.Nf3 O-O 6.Be2 e5 7.d5 a5 8.Bg5 Qe8 9.Nd2 h6
10.Bh4 Na6 11.f3 h5  1/2-1/2

[Event "Oberliga Wuert9798"]
[Site "Wuerttemberg"]
[Date "1997.10.19"]
[Round "2"]
[White "Fochtler, Ekkehard"]
[Black "Pflichthofer, Peter"]
[Result "1-0"]
[WhiteElo "2245"]
[BlackElo "2255"]

1.d4 Nf6 2.c4 g6 3.Nc3 Bg7 4.e4 d6 5.Nf3 O-O 6.Be2 e5 7.Be3 exd4 8.Nxd4 Re8
9.Qc2 Ng4 10.Bxg4 Bxg4 11.h3 Be6 12.b3 c5 13.Nde2 Nc6 14.Rd1 a6 15.O-O Qc7
16.Qd2 Rad8 17.Nf4 Nd4 18.Nfd5 Qa5 19.Bg5 Bxd5 20.Nxd5 Qxd2 21.Rxd2 Rb8 22.Be7 Ne6
23.Rfd1 b5 24.Bxd6 Rb7 25.e5 bxc4 26.bxc4 Ra8 27.f4 h5 28.g4 hxg4 29.hxg4 Bf8
30.Nf6+ Kg7 31.Rh2  1-0

[Event "London"]
[Site "London"]
[Date "1997.10.20"]
[Round "4"]
[White "Pedersen, Steffen"]
[Black "Shaked, Tal"]
[Result "1/2-1/2"]
[WhiteElo "2435"]
[BlackElo "2500"]

1.d4 Nf6 2.c4 g6 3.Nc3 Bg7 4.e4 d6 5.Nf3 O-O 6.Be2 e5 7.O-O Nh5 8.g3 Bh3
9.Re1 exd4 10.Nxd4 Nf6 11.Bg5 h6 12.Be3 Nbd7 13.f3 a6 14.Qd2 Kh7 15.Rac1 Ne5
16.b4 c6 17.Nd1 Re8 18.Nf2 Bd7 19.Nb3  1/2-1/2

[Event "Copa Itau Mercosul"]
[Site "Sao Paulo"]
[Date "1997.10.23"]
[Round "5"]
[White "Limp, Eduardo"]
[Black "Leitao, Rafael"]
[Result "1/2-1/2"]
[WhiteElo "2385"]
[BlackElo "2515"]

1.d4 Nf6 2.Nf3 g6 3.c4 Bg7 4.Nc3 O-O 5.e4 d6 6.Be2 e5 7.dxe5 dxe5 8.Qxd8 Rxd8
9.Nd5 Nxd5 10.cxd5 c6 11.Bc4 cxd5 12.Bxd5 Nc6 13.Bg5 Re8 14.O-O-O Bf8 15.Kb1 Bc5
16.Bh4 Kg7 17.Rc1 Bb6 18.Rxc6 bxc6 19.Bxc6 Ba6 20.Bxa8 Bd3+ 21.Ka1 Rxa8 22.Nxe5 Bxe4
23.f3 Bf5 24.Nc4 Rc8 25.Nxb6 axb6 26.Bf2 b5 27.Bd4+ Kf8 28.Bc3 Re8 29.Re1 Rxe1+
30.Bxe1 Bd3 31.Bc3 Ke7 32.b3 Bf1 33.g3 Bg2 34.f4 Bh3 35.a4 bxa4 36.bxa4 Kd7
37.Kb2 Kc6 38.Kc2 h5  1/2-1/2

[Event "Copa Itau Mercosul"]
[Site "Sao Paulo"]
[Date "1997.10.25"]
[Round "7"]
[White "Limp, Eduardo"]
[Black "Nogueira, Ivan K"]
[Result "1-0"]
[WhiteElo "2385"]
[BlackElo "2280"]

1.d4 Nf6 2.c4 d6 3.Nf3 Nbd7 4.Nc3 e5 5.e4 g6 6.Be2 Bg7 7.O-O O-O 8.Re1 exd4
9.Nxd4 Nc5 10.Bf1 Ng4 11.h3 Qf6 12.hxg4 Qxd4 13.Qe2 Ne6 14.Nd5 Re8 15.Rd1 Qc5
16.Be3 Qa5 17.g5 c6 18.Bd2 Qd8 19.Nf6+ Bxf6 20.gxf6 Qxf6 21.Bc3 Qe7 22.Qd2 Rd8
23.b3 f6 24.Qb2 Kg7 25.Rd3 Ng5 26.f3 Be6 27.Rad1 Nf7 28.f4 Bg4 29.Re1 Re8
30.Rg3 h5 31.Rge3 Rf8 32.e5 fxe5 33.fxe5 Kg8 34.exd6 Qxd6 35.Re7 Bd7 36.Bh8  1-0

[Event "Copa Itau Mercosul"]
[Site "Sao Paulo"]
[Date "1997.10.25"]
[Round "7"]
[White "Teixeira, Ricardo da Silva"]
[Black "Zapata, Alonso"]
[Result "0-1"]
[WhiteElo "2320"]
[BlackElo "2505"]

1.Nf3 g6 2.c4 Bg7 3.Nc3 d6 4.d4 Nf6 5.e4 O-O 6.Be2 e5 7.dxe5 dxe5 8.Qxd8 Rxd8
9.Bg5 Nbd7 10.O-O-O Rf8 11.Nd5 c6 12.Ne7+ Kh8 13.Be3 Re8 14.Nxc8 Raxc8 15.Ng5 Re7
16.f3 c5 17.Rd2 Ng8 18.Rhd1 Rc7 19.Nh3 Bh6 20.Bxh6 Nxh6 21.Nf2 Kg7 22.Re1 Nb8
23.Rd8 Nc6 24.Ra8 Ng8 25.Nd1 Nf6 26.Nc3 Re8 27.Rxe8 Nxe8 28.Nd5 Rc8 29.Kd2 Nc7
30.Bd3 Ne6 31.Kc3 Rd8 32.a3 Ncd4 33.b4 Rd6 34.b5 g5 35.a4 Nf4 36.Bf1 Kf8
37.Rb1 Ke8 38.a5 Kd8 39.Rb2 Rh6 40.h3 Rg6 41.Ne3 h5 42.Bd3 Rd6 43.Bf1 Ng6
44.Bd3 Ne7 45.Rf2 Nb3 46.Nf5 Nxf5 47.exf5 Nxa5 48.Be4 Rd4 49.Bd5 f6 50.g4 h4
51.Ra2 b6 52.Ra1 Kc7 53.Be6 Kb8 54.Bd5 Nb7 55.Rb1 Nd6 56.Re1 Nxb5+  0-1

[Event "Mladi op"]
[Site "Litomysl"]
[Date "1997.10.26"]
[Round "7"]
[White "Kalod, Radek"]
[Black "Simacek, Pavel"]
[Result "1/2-1/2"]
[WhiteElo "2430"]
[BlackElo "2305"]

1.c4 Nf6 2.Nc3 g6 3.e4 d6 4.d4 Bg7 5.Nf3 O-O 6.Be2 e5 7.O-O exd4 8.Nxd4 Re8
9.f3 c6 10.Bg5 Qb6 11.Be3 Qxb2 12.Na4 Qa3 13.Bc1 Qb4 14.Bd2 Qa3 15.Bc1  1/2-1/2

[Event "Bahn-chT S+W"]
[Site "Friedrichroda"]
[Date "1997.10.30"]
[Round "6.3"]
[White "Litterst, Reinhard"]
[Black "Schlecker, Herbert"]
[Result "1/2-1/2"]
[WhiteElo "1974"]
[BlackElo "1829"]

1.d4 Nf6 2.Nf3 g6 3.c4 Bg7 4.Nc3 O-O 5.e4 d6 6.Be2 Nbd7 7.O-O e5 8.d5 Nc5
9.Qc2 a5 10.h3 Ne8 11.Be3 b6 12.Nh2 f5 13.Bf3 Nf6 14.Bg5 h6 15.Bxf6 Bxf6
16.Rae1 Bg7 17.Kh1 Bd7 18.b3 Qe8 19.Qe2 Qe7 20.Rg1 Kh7 21.Qf1 Qf7 22.Qe2 fxe4
23.Nxe4 Nxe4 24.Qxe4 Bf5 25.Qe2 Rae8 26.Rgf1 e4 27.Bg4 h5 28.Bxf5 Qxf5 29.g4 hxg4
30.Qxg4 Qxg4 31.Nxg4 Bd4 32.Kg2 Kg7 33.Re2 Re7 34.Rfe1 Rfe8 35.Rd1  1/2-1/2

[Event "WchT 4th"]
[Site "Luzern"]
[Date "1997.10.31"]
[Round "7"]
[White "Kortschnoj, Viktor"]
[Black "Yermolinsky, Alex"]
[Result "1/2-1/2"]
[WhiteElo "2610"]
[BlackElo "2650"]

1.d4 Nf6 2.c4 g6 3.Nc3 Bg7 4.e4 d6 5.Be2 O-O 6.Nf3 e5 7.O-O exd4 8.Nxd4 Re8
9.f3 c6 10.Kh1 a6 11.Bg5 h6 12.Bh4 Nbd7 13.Qc2 Qc7 14.Rad1 b5 15.cxb5 cxb5
16.Bg3 b4 17.Na4 Qxc2 18.Nxc2 d5 19.Nxb4 dxe4 20.Nc3 Bb7 21.fxe4 a5 22.Nc2 Nc5
23.Bb5 Red8 24.e5 Nfe4 25.Bc4 Nxg3+ 26.hxg3 Ne6 27.Bxe6 fxe6 28.Nd4 Bxe5
29.Nxe6 Rxd1 30.Rxd1 Re8 31.Nf4  1/2-1/2

[Event "Bahn-chT S+W"]
[Site "Friedrichroda"]
[Date "1997.11.01"]
[Round "7.6"]
[White "Antritter, Guenter"]
[Black "Skalmowski, Bernd"]
[Result "0-1"]
[WhiteElo "1857"]
[BlackElo "1740"]

1.d4 Nf6 2.c4 g6 3.Nc3 Bg7 4.e4 d6 5.Nf3 O-O 6.Be2 e5 7.dxe5 dxe5 8.Qxd8 Rxd8
9.Bg5 Re8 10.Bxf6 Bxf6 11.Nd5 Bd8 12.O-O c6 13.Nc3 f6 14.Rfd1 Be6 15.b4 Be7
16.a3 Nd7 17.Rab1 Red8 18.a4 Nb6 19.c5 Nc4 20.Rxd8+ Rxd8 21.Rd1 Rxd1+ 22.Nxd1 a5
23.Bxc4 Bxc4 24.Nd2 Bd3 25.Nb2 Bc2 26.bxa5 Bxc5 27.a6 bxa6 28.a5 Bb4 29.Nbc4 Bd3
30.g3 c5 31.f3 Bxd2 32.Nxd2 c4 33.Kf2 Kf7 34.Ke3 Ke6 35.f4 Kd6 36.Nf3 h6
37.fxe5+ fxe5 38.Nh4 Bb1 39.Nxg6 c3 40.Nh4 Bxe4 41.g4 c2 42.Kd2 Ke6 43.h3 Kf6
44.Nf5 Bxf5 45.gxf5 Kxf5 46.Kxc2 Kf4 47.Kd2 Kf3 48.Ke1 h5 49.Kf1 Ke3 50.Ke1 h4
51.Kd1 Kf2  0-1

[Event "RUS-Cup01 Chigorin mem"]
[Site "St Petersburg"]
[Date "1997.11.01"]
[Round "1"]
[White "Pavlov, Aleksandr"]
[Black "Lukin, Andrei M"]
[Result "1-0"]
[WhiteElo "2225"]
[BlackElo "2475"]

1.d4 Nf6 2.c4 g6 3.Nc3 Bg7 4.e4 d6 5.Nf3 O-O 6.Be2 Nbd7 7.O-O e5 8.Qc2 c6
9.Rd1 Qc7 10.Rb1 a5 11.a3 a4 12.d5 cxd5 13.Nb5 Qb6 14.cxd5 Nc5 15.Nc3 Bd7
16.h3 Qc7 17.Bd3 Rfc8 18.Be3 Nh5 19.Bb5 Bxb5 20.Nxb5 Qd7 21.Nc3 Nf4 22.Kh2 b5
23.Bxf4 exf4 24.Nd4 Bxd4 25.Rxd4 Rab8 26.Qe2 Qe8 27.Rb4 Nb3 28.Rd1 Na5 29.Qg4 Qe5
30.Kg1 Nc4 31.Nxb5 Nxb2 32.Rb1 Nd3 33.Rxa4 Rc2 34.Qd1 Rc1 35.Rxc1 Nxc1 36.Qxc1 Rxb5
37.Rc4 Kg7 38.a4 Rb2 39.Qc3 Qxc3 40.Rxc3 Ra2  1-0

[Event "RUS-Cup01 Chigorin mem"]
[Site "St Petersburg"]
[Date "1997.11.01"]
[Round "1"]
[White "Kruppa, Yuri"]
[Black "Frolov, Denis"]
[Result "1-0"]
[WhiteElo "2535"]
[BlackElo "2325"]

1.d4 Nf6 2.c4 g6 3.Nc3 Bg7 4.e4 d6 5.Nf3 O-O 6.Be2 e5 7.Be3 exd4 8.Nxd4 Re8
9.f3 c6 10.Bf2 d5 11.exd5 cxd5 12.O-O Nc6 13.c5 Bh6 14.Re1 Be3 15.Bxe3 Rxe3
16.Qd2 Re8 17.Ncb5 Qe7 18.Nd6 Qe3+ 19.Qxe3 Rxe3 20.Rad1 Nxd4 21.Rxd4 Bd7
22.Kf2 Re6 23.Bd1 b6 24.b4 bxc5 25.bxc5 Rb8 26.Bb3 Bc6 27.Red1 Rd8 28.Ne4 Kg7
29.Nd6 Rb8 30.R1d2 h5 31.h3 Re7 32.g4 hxg4 33.hxg4 Kf8 34.g5 Nh5 35.f4 a5
36.f5 Re5 37.Bxd5 Bxd5 38.Rxd5 Rxd5 39.Rxd5 Rb2+ 40.Ke3 gxf5 41.Rxf5 Ke7
42.Rxf7+ Ke6 43.Kf3 Rc2 44.Rc7 Rxa2 45.Rh7 Ra3+ 46.Kg4 Nf6+  1-0

[Event "WchT 4th"]
[Site "Luzern"]
[Date "1997.11.02"]
[Round "9"]
[White "Vera, Reynaldo"]
[Black "Gallagher, Joseph G"]
[Result "1-0"]
[WhiteElo "2530"]
[BlackElo "2525"]

1.d4 Nf6 2.c4 g6 3.Nc3 Bg7 4.e4 d6 5.Be2 O-O 6.Nf3 e5 7.O-O Na6 8.Be3 Ng4
9.Bg5 Qe8 10.dxe5 dxe5 11.h3 Nf6 12.Be3 b6 13.a3 Bb7 14.Qc2 Nc5 15.Bxc5 bxc5
16.Nd5 Qb8 17.b4 cxb4 18.axb4 Re8 19.Ra5 Nh5 20.Ng5 Nf4 21.Nxf4 exf4 22.c5 Qd8
23.c6 Bc8 24.Bc4 Rf8 25.Rd1 Qe7 26.Rad5 Be6 27.Nxe6 Qxe6 28.Rb5 Qe7 29.Rd7 Qh4
30.Rxc7 f3 31.Rxf7 Rxf7 32.Bxf7+ Kxf7 33.Qc4+ Kf8 34.c7  1-0

[Event "WchT 4th"]
[Site "Luzern"]
[Date "1997.11.02"]
[Round "9"]
[White "Pelletier, Yannick"]
[Black "Becerra Rivero, Julio"]
[Result "1-0"]
[WhiteElo "2465"]
[BlackElo "2495"]

1.d4 g6 2.c4 Bg7 3.Nf3 Nf6 4.Nc3 O-O 5.e4 d6 6.Be2 e5 7.O-O exd4 8.Nxd4 Re8
9.f3 Nc6 10.Be3 Nh5 11.Qd2 Nf4 12.Rfd1 Ne6 13.Nxe6 Bxe6 14.Nd5 a5 15.Bg5 f6
16.Bh4 b6 17.f4 Rf8 18.Rf1 Kh8 19.Rae1 Qd7 20.Bd1 a4 21.h3 Na5 22.Qb4 c5
23.Qxa4 Qb7 24.a3 Nc6 25.Qc2 Nd4 26.Qd2 b5 27.cxb5 Bxd5 28.exd5 Qxb5 29.Bf2 f5
30.Bh4 Rfb8 31.Re7 Qc4 32.Rfe1 Qxd5 33.Kh1 Qg8 34.Rd7 Re8 35.Rxd6 Rxe1+ 36.Qxe1 Re8
37.Qxe8 Qxe8 38.Rd8 Qxd8 39.Bxd8 c4 40.Bb6 Nb5 41.a4 Nd6 42.a5  1-0